000
00291nam a22001337a 4500
008
170203b xxu||||| |||| 00| 0 eng d
020
_a
9780073192697
041
_a
eng
080
_a
61
100
_a
3
101
_a
shm
245
_a
MEDICAL PFFICE PROCEDURES
_c
BECKLINE.J
942
_2
udc
_c
BK
999
_c
4496
_d
4496